Some basic theory for statistical inference /
Guardado en:
| Autor Principal: | |
|---|---|
| Formato: | Libro |
| Idioma: | English |
| Publicado: |
London : New York :
Chapman and Hall ; Wiley,
1979.
|
| Series: | Monographs on applied probability and statistics
|
| Materias: | |
| Etiquetas: |
Agregar Etiqueta
Sin Etiquetas, Sea el primero en etiquetar este registro!
|
| LEADER | 00827cam a2200241 a 4500 | ||
|---|---|---|---|
| 001 | MAT.inmabb002740 | ||
| 008 | 780817s1979####enka#####b####001#0#eng## | ||
| 005 | 20110907164728.0 | ||
| 245 | 1 | 0 | |a Some basic theory for statistical inference / |c E. J. G. Pitman. |
| 260 | |a London : |b Chapman and Hall ; |a New York : |b Wiley, |c 1979. | ||
| 300 | |a vii, 110 p. : |b il. ; |c 22 cm. | ||
| 440 | 0 | |a Monographs on applied probability and statistics | |
| 500 | |a "A Halsted Press book". | ||
| 504 | |a Incluye referencias bibliográficas (p. 107) e índice. | ||
| 510 | 4 | |a MR, |c 81f:62001 | |
| 020 | |a 0412217201 | ||
| 020 | |a 047026554X | ||
| 100 | 1 | |a Pitman, Edwin J. G. | |
| 650 | 0 | |a Mathematical statistics. | |
| 084 | |a 62-02 (62F10 62F12) |2 msc2000 | ||
| 010 | |a 78011921 | ||
| 040 | |a DLC |c DLC |d DLC | ||
| 859 | |h 62 |i P685 |p A-5186 |b BIB. MATEMATICA | ||
